| 000 | 01224nad a2200325 a 4500 | ||
|---|---|---|---|
| 001 | MIU01000000000000005101076 | ||
| 003 | MiU | ||
| 005 | 20231010141112.0 | ||
| 007 | cr mnummmmuuuu | ||
| 008 | 951127s1995 mau sb 000 0 eng d | ||
| 020 | _z0674089561 | ||
| 024 | 7 |
_a2027/heb03053 _2hdl |
|
| 040 |
_aMiU _cMiU |
||
| 090 |
_aN6250 _b(INTERNET) |
||
| 100 | 1 |
_aKitzinger, Ernst, _d1912- _937325 |
|
| 245 | 1 | 0 |
_aByzantine art in the making _h[electronic resource] : _bmain lines of stylistic development in Mediterranean art, 3rd-7th century / _cErnst Kitzinger. |
| 300 |
_aviii, 175 p., [68] leaves of plates : _bill. ; _c26 cm. |
||
| 504 | _aIncludes bibliographical references and indexes. | ||
| 830 | 0 |
_aACLS Humanities E-Book. _937326 |
|
| 856 | 4 | 0 |
_zVolltext _uhttps://hdl.handle.net/2027/heb03053 |
| 942 | _cEB | ||
| 500 | _aE-Book-ACLS / Zugriff nur im DHI-Lesesaal | ||
| 653 | _aArt, Byzantine. | ||
| 336 |
_2rdacontent _btxt _aText |
||
| 337 |
_2rdamedia _bbc _aComputermedien |
||
| 338 |
_2rdacarrier _bcr _aOnline Ressource |
||
| 264 |
_aCambridge, Mass. : _bHarvard University Press, _c1995. |
||
| 041 | _aeng | ||
| 500 | _aAmerican Council of Learned Societies/ https://www.humanitiesebook.org/about/ | ||
| 999 |
_c65390 _d65390 |
||